00597nam a2200169 a 450000100100000000500170001000800410002704000250006808200160009310000260010924500620013526000440019730000200024150000630026150000730032450400300039700001711320200929165027.0100317s1979 dr r 000 0 spa d aDO-SdBNPbspacBNPHU axxxxbD542l1 aDíaz D., Belarminio10aLatinismos y español dominicano /cBelarminio Díaz D. aSanto Domingo :bG. Domínguez,c1979. a84 p. ;c21 cm. aIncluye datos biográficos del autor en la contracubierta aIncluye referencias bibliográficas y notas al pie de las páginas aBibliografía : p. 82-84